000
00324nam a2200109Ia 4500
008
171211s9999 xx 000 0 und d
245
_a
Her Life's Work: Conversations with Five New Zealand Women
245
_c
Deborah Shepard
260
_c
2009
650
_x
Biography
856
_u
http://down.ebook777.com/061/1869404432.pdf
999
_c
349915
_d
349915